Vysokoškolský internát

Saved in:
Bibliographic Details
Main Author: Makyna, Miloš (Author)
Other Authors: Chmúrny, Ivan (Thesis advisor)
Format: Manuscript Book
Language:Slovak
Published: 2015
Subjects:
Online Access:http://is.stuba.sk/zp/portal_zp.pl?podrobnosti=109806
https://opac.crzp.sk/?fn=detailBiblioForm&sid=E75B5E22D326BA6A9EA597CFFF20
Tags: Add Tag
No Tags, Be the first to tag this record!

MARC

LEADER 00000ntm a22000003a 4500
001 stuzp51143
003 SK-STU
005 20231025134848.3
007 ta
008 150427s2015----xo-----f-mn---000-0-slo-d
040 |a STU  |b slo 
041 0 |a slo 
100 1 |a Makyna, Miloš  |u 010180  |4 aut  |U SvF Stavebná fakulta  |T SvF Katedra konštrukcií pozemných stavieb  |X 63815  |U V180  |Y 18  |7 63815 
242 0 1 |a University dormitory  |y eng 
245 1 0 |a Vysokoškolský internát 
260 |c 2015 
650 4 |a internát  |2 slo 
650 4 |a ubytovanie  |2 slo 
650 4 |a vysokoškolský  |2 slo 
650 4 |a dormitory  |2 eng 
650 4 |a accommodation  |2 eng 
650 4 |a university  |2 eng 
700 1 |a Chmúrny, Ivan  |4 ths  |X 865  |7 A000000865 
856 4 |u http://is.stuba.sk/zp/portal_zp.pl?podrobnosti=109806 
856 4 |u https://opac.crzp.sk/?fn=detailBiblioForm&sid=E75B5E22D326BA6A9EA597CFFF20 
SQL |a stuzp51143  |b DDP  |c SLO  |d Vysokoškolský internát  |e 63815  |f Makyna, Miloš  |g 010180  |h 865  |i Chmúrny, Ivan  |j 20150618  |k 8  |l 01  |m http://is.stuba.sk/zp/portal_zp.pl?podrobnosti=109806  |n I-AKP  |o 5.1.4. pozemné stavby